000
00272nam a2200109Ia 4500
999
_c
8637
_d
8637
020
_a
978-1420922301
100
_a
Lewis Carroll
245
0
_a
Alice's Adventures in Wonderland & Through the Looking-Glass
260
_a
New York
_b
Addision
_c
1991
300
_a
292
942
_c
BK